[Event "Championnat de la Loire Open"]
[Site "SAINT-ETIENNE"]
[Date "2003.02.08"]
[Round "2.12"]
[White "Langlade, Remi"]
[Black "Minchilli, Franco"]
[Result "0-1"]
[WhiteElo "1410"]
[BlackElo "1600"]
[PlyCount "82"]
[EventDate "2003.??.??"]

1. e4 c5 2. Bc4 d6 3. d3 Nf6 4. Nf3 e6 5. Nc3 Be7 6. Bf4 Nc6 7. O-O a6 8. a4
Nb4 9. e5 Nfd5 10. Bxd5 exd5 11. exd6 Bxd6 12. Re1+ Be6 13. Bxd6 Qxd6 14. Ng5
O-O-O 15. Ne2 Qe7 16. Nf3 Qf6 17. c3 Nc6 18. d4 c4 19. b3 Bg4 20. Nc1 Rhe8 21.
h3 Bxf3 22. gxf3 Rxe1+ 23. Qxe1 Qxf3 24. Qe3 Qd1+ 25. Kg2 cxb3 26. Rb1 Rd6 27.
Qe8+ Nd8 28. Qe2 Rg6+ 29. Kf3 Qh1+ 30. Kf4 Rf6+ 31. Ke5 Re6+ 32. Kf4 Rxe2 33.
Nxe2 Qxb1 34. c4 Qe4+ 35. Kg3 Qxe2 36. cxd5 b2 37. d6 b1=Q 38. d7+ Kxd7 39. a5
Qg6+ 40. Kh2 Qxf2+ 41. Kh1 Qfg2# 0-1

[Event "Championnat de la Loire Open"]
[Site "SAINT-ETIENNE"]
[Date "2003.02.08"]
[Round "2.13"]
[White "Goudet, Maxence"]
[Black "Bournez, Gerard"]
[Result "1/2-1/2"]
[WhiteElo "1299"]
[BlackElo "1540"]
[PlyCount "87"]
[EventDate "2003.??.??"]

1. e4 c5 2. Nc3 Nc6 3. Nf3 e5 4. Bc4 h6 5. d3 a6 6. Nd2 d6 7. Qf3 Nf6 8. O-O
Nd4 9. Qd1 Be7 10. Nd5 O-O 11. c3 Ne6 12. b4 b5 13. Nxf6+ Bxf6 14. Bxe6 Bxe6
15. c4 cxb4 16. a3 bxa3 17. Bxa3 bxc4 18. dxc4 Be7 19. Qe2 Qd7 20. Rac1 f5 21.
c5 f4 22. f3 Qa7 23. Qf2 dxc5 24. Bxc5 Bxc5 25. Qxc5 Qxc5+ 26. Rxc5 Rfd8 27.
Rxe5 Kf7 28. Nb1 Rd3 29. Rc5 a5 30. Nc3 a4 31. Nd5 Bxd5 32. exd5 a3 33. Ra1 Rd8
34. Ra5 R8xd5 35. Rxd5 Rxd5 36. Rxa3 g5 37. g4 fxg3 38. hxg3 Re5 39. Ra6 Kg7
40. Kg2 h5 41. Kh3 Rf5 42. Ra3 Kg6 43. g4 hxg4+ 44. fxg4 1/2-1/2

[Event "Championnat de la Loire Open"]
[Site "SAINT-ETIENNE"]
[Date "2003.02.08"]
[Round "2.15"]
[White "Bruyas, Benjamin"]
[Black "Cayuela-Mosch, Renate"]
[Result "1-0"]
[WhiteElo "1230"]
[BlackElo "1499"]
[PlyCount "93"]
[EventDate "2003.??.??"]

1. Nf3 d5 2. c4 b6 3. cxd5 Qxd5 4. Nc3 Qd8 5. d4 e6 6. a3 Nf6 7. Bg5 Be7 8. e4
O-O 9. Bb5 a6 10. Ba4 Bb7 11. Bxf6 Bxf6 12. O-O a5 13. Re1 Ba6 14. Bb5 Bb7 15.
Rb1 Nd7 16. d5 Ne5 17. Nxe5 Bxe5 18. dxe6 fxe6 19. Bd7 Bc8 20. Bxc8 Rxc8 21.
Nb5 Qf6 22. Re2 Rcd8 23. Rd2 Bf4 24. Rd3 c6 25. Na7 c5 26. Nc6 c4 27. Rxd8
Bxh2+ 28. Kxh2 Qf4+ 29. g3 Qxf2+ 30. Kh3 g6 31. Rxf8+ Kxf8 32. Qf1 Qxf1+ 33.
Rxf1+ Kg7 34. Ne5 b5 35. Rf7+ Kh6 36. Nc6 b4 37. axb4 a4 38. b5 a3 39. bxa3 c3
40. Nb4 g5 41. b6 Kh5 42. g4+ Kg6 43. Ra7 h5 44. b7 Kh6 45. b8=Q hxg4+ 46. Kxg4
e5 47. Qb6# 1-0

[Event "Championnat de la Loire Open"]
[Site "SAINT-ETIENNE"]
[Date "2003.02.08"]
[Round "2.17"]
[White "Vinot, Sebastien"]
[Black "Doran, Niall"]
[Result "0-1"]
[WhiteElo "1150"]
[BlackElo "1470"]
[PlyCount "92"]
[EventDate "2003.??.??"]

1. e4 e6 2. Nc3 d5 3. Nf3 Nf6 4. d3 Bb4 5. Bd2 Bxc3 6. Bxc3 dxe4 7. Ne5 exd3 8.
Nxd3 O-O 9. Qf3 Bd7 10. Qxb7 Bc6 11. Qb4 Nbd7 12. Qh4 Re8 13. O-O-O Qb8 14. b3
Qb7 15. Nf4 a5 16. Nh5 Nxh5 17. Qxh5 a4 18. Qg5 f6 19. Qg4 axb3 20. axb3 Ra2
21. Kb1 Ra4 22. b4 Nb6 23. Kc1 e5 24. f3 Nd5 25. Bc4 Kh8 26. Bd2 Nxb4 27. Bb3
Na2+ 28. Bxa2 Rxg4 29. fxg4 Ra8 30. Bc3 h6 31. Be6 Qb6 32. Rhe1 Bxg2 33. Bd5
Bxd5 34. Rxd5 c6 35. Rd6 Qc5 36. Rd3 Ra3 37. Kd2 Rxc3 38. Rxc3 Qd4+ 39. Rd3
Qf4+ 40. Ree3 Qxh2+ 41. Re2 Qf4+ 42. Ree3 Qxg4 43. Rg3 Qf4+ 44. Rge3 e4 45. Rd4
Qf2+ 46. Re2 Qxd4+ 0-1

[Event "Championnat de la Loire Open"]
[Site "SAINT-ETIENNE"]
[Date "2003.02.08"]
[Round "2.18"]
[White "Bourgin, Christian"]
[Black "Gerey, Jean-Pierre"]
[Result "0-1"]
[WhiteElo "1440"]
[BlackElo "1340"]
[PlyCount "166"]
[EventDate "2003.??.??"]

1. d4 d5 2. c4 c6 3. Nc3 Nf6 4. e3 e6 5. a3 g6 6. Nf3 Bg7 7. Bd3 Nbd7 8. b4 b6
9. Qa4 Bb7 10. e4 dxc4 11. Be2 b5 12. Nxb5 cxb5 13. Qxb5 Qc7 14. e5 a6 15. Qxc4
Qxc4 16. Bxc4 Nh5 17. Be2 O-O 18. O-O Rac8 19. Bb2 Nf4 20. Bd1 Nd3 21. Rb1 Nb6
22. Be2 Be4 23. Ng5 Bf5 24. g4 Nxb2 25. gxf5 Rc2 26. Bxa6 exf5 27. Rfc1 Rxc1+
28. Rxc1 Bh6 29. f4 Bxg5 30. fxg5 Rd8 31. Rb1 N6a4 32. Bb5 Rxd4 33. Bxa4 Nxa4
34. Rb3 Rg4+ 35. Kf2 Rxg5 36. b5 Nc5 37. b6 Nb7 38. Kf3 Kf8 39. Rc3 Rg1 40. Rc7
Na5 41. b7 Rb1 42. Rc8+ Kg7 43. b8=Q Rxb8 44. Rxb8 Nc6 45. Rb5 Nd4+ 46. Kf4
Nxb5 47. a4 Nc7 48. a5 Kf8 49. h4 h5 50. Kg5 Ke7 51. Kf4 Ke6 52. Ke3 Kxe5 53.
Kf3 Kd5 54. Kf4 Kd6 55. Kf3 Kc5 56. Kf4 Kb5 57. Ke5 Ne8 58. Kd4 Kxa5 59. Ke5
Kb5 60. Kd4 f6 61. Kd5 Nc7+ 62. Kd4 Ne6+ 63. Ke3 Kc5 64. Kf3 Kd5 65. Ke3 f4+
66. Kf3 g5 67. hxg5 fxg5 68. Ke2 g4 69. Kf2 Nd4 70. Kg2 Ke4 71. Kf2 h4 72. Kg2
Ke3 73. Kf1 Kf3 74. Kg1 Kg3 75. Kh1 h3 76. Kg1 h2+ 77. Kh1 Kh4 78. Kxh2 f3 79.
Kg1 Kh3 80. Kf2 Kh2 81. Kf1 g3 82. Ke1 Kg2 83. Kd2 Kf2 0-1

[Event "Championnat de la Loire Open"]
[Site "SAINT-ETIENNE"]
[Date "2003.02.08"]
[Round "2.19"]
[White "Bazoux, Sebastien"]
[Black "Veyrat, Gerard"]
[Result "1-0"]
[WhiteElo "1430"]
[BlackElo "1130"]
[PlyCount "53"]
[EventDate "2003.??.??"]

1. d4 d5 2. c4 c6 3. cxd5 Qxd5 4. Nc3 Qf5 5. Nf3 e6 6. e3 Bb4 7. Bd3 Qg4 8. O-O
Nf6 9. Bd2 O-O 10. a3 Bxc3 11. Bxc3 b5 12. b4 Bb7 13. Ne5 Qg5 14. f4 Qh5 15. g4
Qh3 16. Rf3 Qh4 17. Be1 Qh6 18. g5 Qh5 19. gxf6 c5 20. Rg3 Qxd1 21. Rxg7+ Kh8
22. Rxh7+ Kg8 23. Rxd1 c4 24. Bc2 Na6 25. Ng4 Rfd8 26. Nh6+ Kf8 27. Rh8# 1-0

[Event "Championnat de la Loire Open"]
[Site "SAINT-ETIENNE"]
[Date "2003.02.08"]
[Round "3.1"]
[White "Pupier, Terry"]
[Black "Gidon, Rene"]
[Result "1-0"]
[WhiteElo "1780"]
[BlackElo "1550"]
[PlyCount "89"]
[EventDate "2003.??.??"]

1. e4 e5 2. Nf3 Nc6 3. d4 exd4 4. Nxd4 Bc5 5. Nxc6 bxc6 6. Bc4 d6 7. Nc3 Ne7 8.
Bf4 Ng6 9. Bg3 O-O 10. O-O Be6 11. Qe2 Qe7 12. Kh1 Bxc4 13. Qxc4 Ne5 14. Qa4
Rab8 15. b3 Rb4 16. Qa6 Rb6 17. Qe2 Bd4 18. Qd2 Rb4 19. f3 Qf6 20. Rad1 Nd7 21.
Ne2 Bc5 22. a3 Rb5 23. b4 Bb6 24. a4 Rh5 25. a5 Bxa5 26. bxa5 Ne5 27. Nd4 d5
28. f4 Nc4 29. Qe2 Nxa5 30. Qxh5 dxe4 31. Qxa5 Re8 32. Qxc7 e3 33. Rfe1 e2 34.
Rxe2 Rf8 35. Qxc6 Qg6 36. Qxg6 hxg6 37. Re7 a5 38. Nc6 a4 39. Rdd7 a3 40. Ra7
a2 41. Rxa2 Rc8 42. Ne5 Rd8 43. h3 Rd1+ 44. Kh2 Re1 45. Bxe1 1-0

[Event "Championnat de la Loire Open"]
[Site "SAINT-ETIENNE"]
[Date "2003.02.08"]
[Round "3.2"]
[White "Treveys, Maxime"]
[Black "Pareux, Marc"]
[Result "1/2-1/2"]
[WhiteElo "1680"]
[BlackElo "1540"]
[PlyCount "78"]
[EventDate "2003.??.??"]

1. d4 g6 2. c4 Bg7 3. Nc3 d6 4. Nf3 Nd7 5. g3 c5 6. Bg2 Ngf6 7. O-O cxd4 8.
Nxd4 Rb8 9. b3 O-O 10. Bb2 Nc5 11. Re1 Bg4 12. h3 Bd7 13. Qd2 Qc8 14. Kh2 h5
15. Nf3 Bf5 16. Nd5 Nxd5 17. Bxg7 Kxg7 18. Qxd5 Ne4 19. Nh4 Nf6 20. Nxf5+ Qxf5
21. Qd4 b6 22. e4 Qc5 23. Rad1 Rbd8 24. e5 Qxd4 25. Rxd4 dxe5 26. Rxd8 Rxd8 27.
Rxe5 e6 28. Re2 Rd1 29. Bc6 Kf8 30. Rc2 Ke7 31. Kg2 Kd6 32. Bf3 Rd4 33. b4 Nd7
34. Rc3 f6 35. a3 e5 36. Bd5 g5 37. Bf7 h4 38. gxh4 Rxh4 39. Bg6 Rd4 1/2-1/2

[Event "Championnat de la Loire Open"]
[Site "SAINT-ETIENNE"]
[Date "2003.02.08"]
[Round "3.3"]
[White "Bion, Nicolas"]
[Black "Chabas, Jean-Luc"]
[Result "1-0"]
[WhiteElo "1470"]
[BlackElo "1630"]
[PlyCount "67"]
[EventDate "2003.??.??"]

1. Nf3 Nf6 2. d4 d5 3. e3 c6 4. c4 e6 5. Nc3 Be7 6. Bd3 O-O 7. O-O Nbd7 8. a4
Qc7 9. cxd5 exd5 10. h3 Re8 11. Qc2 Bd6 12. e4 dxe4 13. Nxe4 Nxe4 14. Bxe4 Nf6
15. Re1 Bd7 16. Bd2 Rad8 17. b4 Qc8 18. Ng5 Nxe4 19. Rxe4 Rxe4 20. Qxe4 Bf5 21.
Qf3 Be7 22. Re1 Bf6 23. g4 Bg6 24. h4 Bxd4 25. h5 Bc2 26. Qxf7+ Kh8 27. Qf4 Bb3
28. Qe4 g6 29. hxg6 hxg6 30. Qh1+ Kg7 31. Qh7+ Kf6 32. Ne4+ Ke5 33. Nc3+ Kf6
34. Qe7# 1-0

[Event "Championnat de la Loire Open"]
[Site "SAINT-ETIENNE"]
[Date "2003.02.08"]
[Round "3.4"]
[White "Valet, Godeffroy"]
[Black "Vinot, Raoul"]
[Result "1-0"]
[WhiteElo "1750"]
[BlackElo "1390"]
[PlyCount "95"]
[EventDate "2003.??.??"]

1. e4 e5 2. f4 exf4 3. Nf3 d6 4. Bc4 Be7 5. d3 Nf6 6. Bxf4 O-O 7. Nc3 Bg4 8. h3
Be6 9. Nd2 Nc6 10. Be3 d5 11. exd5 Nxd5 12. Bxd5 Bxd5 13. Rg1 Be6 14. Qh5 Bf6
15. Nde4 g6 16. Qf3 Bg7 17. O-O-O Nb4 18. Kb1 Nd5 19. Bd2 c6 20. Rdf1 Nb4 21.
a3 a5 22. Bg5 Qb6 23. Bf6 Nd5 24. Bxg7 Kxg7 25. Nxd5 Bxd5 26. Qf6+ Kg8 27. Ng5
Rae8 28. h4 Re2 29. h5 Qd8 30. hxg6 fxg6 31. Qxf8+ Qxf8 32. Rxf8+ Kxf8 33.
Nxh7+ Kg7 34. Ng5 Rxg2 35. Rxg2 Bxg2 36. Ne6+ Kf6 37. Nc5 g5 38. Nxb7 g4 39.
Nxa5 g3 40. Nc4 Bf3 41. Ne3 Ke5 42. Kc1 Kd4 43. Kd2 Ke5 44. a4 c5 45. a5 Kf4
46. c3 Bb7 47. b4 cxb4 48. cxb4 1-0

[Event "Championnat de la Loire Open"]
[Site "SAINT-ETIENNE"]
[Date "2003.02.08"]
[Round "3.5"]
[White "Vier, Serge"]
[Black "Mathieu, Jacques"]
[Result "1-0"]
[WhiteElo "1650"]
[BlackElo "1499"]
[PlyCount "103"]
[EventDate "2003.??.??"]

1. d4 d5 2. c4 e6 3. Nc3 Nf6 4. Bg5 Be7 5. e3 a6 6. Nf3 Nc6 7. cxd5 Nxd5 8.
Bxe7 Ndxe7 9. Bd3 h6 10. a3 O-O 11. O-O Nd5 12. Rc1 Re8 13. Ne4 Nf6 14. Nc5 Qd6
15. Qc2 Nd7 16. Nxa6 bxa6 17. Qxc6 Ra7 18. Qxd6 cxd6 19. Rc3 Nf6 20. Rfc1 Bd7
21. Rc7 Rxc7 22. Rxc7 a5 23. h3 Rb8 24. Rc2 Rb3 25. Bc4 Rb6 26. Ne1 Bb5 27.
Bxb5 Rxb5 28. Nd3 Nd5 29. Rc8+ Kh7 30. Rc6 Rb6 31. Rc2 g5 32. Kf1 Kg7 33. Ke2
Kf8 34. f3 f5 35. g4 f4 36. exf4 Nxf4+ 37. Nxf4 gxf4 38. Kd3 d5 39. h4 Kf7 40.
Rc7+ Kg6 41. Kc3 Ra6 42. Rc5 Kf6 43. a4 Ke7 44. b4 axb4+ 45. Kxb4 Kd6 46. a5 e5
47. Kb5 Ra8 48. Rc6+ Kd7 49. dxe5 Rb8+ 50. Kc5 Rc8 51. Rxc8 Kxc8 52. Kxd5 1-0

[Event "Championnat de la Loire Open"]
[Site "SAINT-ETIENNE"]
[Date "2003.02.08"]
[Round "3.6"]
[White "Trottet, Francois"]
[Black "Breinl, Alix"]
[Result "0-1"]
[WhiteElo "1440"]
[BlackElo "1499"]
[PlyCount "126"]
[EventDate "2003.??.??"]

1. e4 d6 2. d4 Nc6 3. Be3 e6 4. Nf3 Nf6 5. Nc3 g6 6. Be2 Bg7 7. Qd2 O-O 8. Bh6
Re8 9. Bxg7 Kxg7 10. O-O b6 11. Rad1 Bb7 12. h3 Qe7 13. Qe3 Nb4 14. Rd2 c5 15.
a3 Nc6 16. e5 Nd5 17. Nxd5 exd5 18. Re1 dxe5 19. dxe5 Nxe5 20. Bb5 Nxf3+ 21.
gxf3 Qxe3 22. fxe3 Red8 23. Kf2 a6 24. Bf1 Rac8 25. c3 Rc7 26. Bc4 b5 27. Bf1
Rcd7 28. Bg2 d4 29. exd4 cxd4 30. cxd4 Rxd4 31. Rde2 Rd2 32. Kg3 Rxe2 33. Rxe2
Kf6 34. h4 a5 35. f4 Bxg2 36. Kxg2 h5 37. Rc2 Kf5 38. Rc5+ Kxf4 39. Rxb5 Rd2+
40. Kh3 Rd3+ 41. Kg2 Rd2+ 42. Kh3 Kf3 43. Rb3+ Ke4 44. Rb7 f6 45. Re7+ Kf5 46.
Ra7 Rd5 47. b4 axb4 48. axb4 g5 49. Ra5 Ke5 50. Rxd5+ Kxd5 51. b5 g4+ 52. Kg3
Kc5 53. b6 Kxb6 54. Kf4 Kc5 55. Kg3 Kd5 56. Kf4 Ke6 57. Kg3 Ke5 58. Kf2 f5 59.
Kg3 Ke4 60. Kh2 Ke3 61. Kg2 f4 62. Kh2 Ke2 63. Kg2 f3+ 0-1

[Event "Championnat de la Loire Open"]
[Site "SAINT-ETIENNE"]
[Date "2003.02.08"]
[Round "3.7"]
[White "Rogues, Jean-Luc"]
[Black "Gaillard, Pierre"]
[Result "1/2-1/2"]
[WhiteElo "1420"]
[BlackElo "1710"]
[PlyCount "87"]
[EventDate "2003.??.??"]

1. d4 Nf6 2. c4 g6 3. Nc3 Bg7 4. e3 O-O 5. Bd3 d6 6. Nge2 c5 7. O-O Nbd7 8. Qc2
e5 9. d5 a6 10. Ne4 Nxe4 11. Bxe4 f5 12. Nc3 fxe4 13. Nxe4 Nf6 14. Ng3 Bd7 15.
e4 b5 16. b3 Qe7 17. Bg5 h6 18. Be3 Ng4 19. Bd2 Qh4 20. h3 Nxf2 21. Rxf2 Rxf2
22. Rf1 Raf8 23. Rxf2 Qxg3 24. Rxf8+ Bxf8 25. Qc1 Bxh3 26. Qf1 Bg7 27. Kh1 Bd7
28. Be1 Qg5 29. Qf3 Bg4 30. Qf2 Qh5+ 31. Kg1 b4 32. Bd2 Bd1 33. Be3 Qe2 34. Qg3
Bc2 35. Bxh6 Qd1+ 36. Kf2 Bxh6 37. Qxg6+ Bg7 38. Qe6+ Kh7 39. Qh3+ Bh6 40. Qf5+
Kh8 41. Qc8+ Kg7 42. Qd7+ Kg8 43. Qe6+ Kh7 44. Qf5+ 1/2-1/2

[Event "Championnat de la Loire Open"]
[Site "SAINT-ETIENNE"]
[Date "2003.02.08"]
[Round "3.8"]
[White "Gerey, Jean-Pierre"]
[Black "Roncin, Cesar"]
[Result "0-1"]
[WhiteElo "1340"]
[BlackElo "1670"]
[PlyCount "100"]
[EventDate "2003.??.??"]

1. e4 e6 2. d4 d5 3. e5 c5 4. c3 Nc6 5. Nf3 Qb6 6. Be2 cxd4 7. cxd4 Bb4+ 8. Nc3
Bd7 9. O-O Nge7 10. Be3 Nf5 11. Na4 Qa5 12. a3 Be7 13. Bd2 Qd8 14. Bc3 a6 15.
b4 Na7 16. Nb2 Rc8 17. Rc1 Bb5 18. Nd3 Qb6 19. a4 Bd7 20. a5 Qd8 21. Qb3 Nb5
22. Bb2 Rxc1 23. Rxc1 O-O 24. Nc5 Bc6 25. Bd3 Bg5 26. Rc2 Nh4 27. Nxh4 Bxh4 28.
Bc1 Nxd4 29. Qc3 Nxc2 30. Qxc2 Qc8 31. Bxh7+ Kh8 32. Bd3 Qc7 33. Bf4 Be7 34.
Qd1 g6 35. Qf3 Kg7 36. Qh3 Rh8 37. Qg3 Bb5 38. Bxg6 Kf8 39. Bb1 Bxc5 40. bxc5
Qxc5 41. Be3 Qb4 42. h3 Qxb1+ 43. Kh2 Qg6 44. Bc5+ Ke8 45. Qc3 Rg8 46. g3 Bc6
47. Bb4 Qf5 48. Kg2 Qe4+ 49. Kh2 d4 50. Qc5 Qg2# 0-1

[Event "Championnat de la Loire Open"]
[Site "SAINT-ETIENNE"]
[Date "2003.02.08"]
[Round "3.9"]
[White "Dequidt, Adrien"]
[Black "Vergiat, Nicolas"]
[Result "1-0"]
[WhiteElo "1660"]
[BlackElo "1399"]
[PlyCount "29"]
[EventDate "2003.??.??"]

1. d4 e6 2. Nf3 d5 3. Nbd2 Bd6 4. e4 Ne7 5. c3 c5 6. Bd3 Nbc6 7. O-O O-O 8. Re1
Qd7 9. e5 Bc7 10. Bxh7+ Kxh7 11. Ng5+ Kh6 12. Nb3 b6 13. Nxe6+ Kg6 14. Qg4+ Kh7
15. Qxg7# 1-0

[Event "Championnat de la Loire Open"]
[Site "SAINT-ETIENNE"]
[Date "2003.02.08"]
[Round "3.10"]
[White "Minchilli, Franco"]
[Black "Bruyas, Benjamin"]
[Result "1-0"]
[WhiteElo "1600"]
[BlackElo "1230"]
[PlyCount "61"]
[EventDate "2003.??.??"]

1. c4 c5 2. Nc3 b6 3. Nf3 Nf6 4. d4 cxd4 5. Nxd4 e5 6. Nf3 e4 7. Ng5 Bb4 8. Bd2
Bb7 9. e3 d5 10. Qa4+ Nc6 11. cxd5 Nxd5 12. Ngxe4 Bxc3 13. Nxc3 O-O 14. O-O-O
Qd6 15. e4 Nf6 16. Nb5 Qc5+ 17. Bc3 Ng4 18. Nd6 Nxf2 19. Nxb7 Qe3+ 20. Bd2 Qd4
21. Bb5 Nd3+ 22. Kc2 Nf2 23. Bc3 Qxe4+ 24. Qxe4 Nxe4 25. Bxc6 Nf2 26. Nd6 Rad8
27. Rhf1 Nxd1 28. Rxd1 f5 29. Bd5+ Kh8 30. Nf7+ Kg8 31. Nxd8+ 1-0

[Event "Championnat de la Loire Open"]
[Site "SAINT-ETIENNE"]
[Date "2003.02.08"]
[Round "3.11"]
[White "Mialon, Franck"]
[Black "Barthelemy, Jerome"]
[Result "0-1"]
[WhiteElo "1280"]
[BlackElo "1480"]
[PlyCount "34"]
[EventDate "2003.??.??"]

1. e4 c5 2. Nf3 e6 3. d4 cxd4 4. Nxd4 Nc6 5. Nxc6 bxc6 6. Be2 Qc7 7. O-O d5 8.
exd5 cxd5 9. Re1 Nf6 10. Bg5 Be7 11. Bxf6 Bxf6 12. Bb5+ Bd7 13. Qxd5 O-O 14.
Qxd7 Qxd7 15. Bxd7 Bxb2 16. Nd2 Bxa1 17. Rxa1 Rad8 0-1

[Event "Championnat de la Loire Open"]
[Site "SAINT-ETIENNE"]
[Date "2003.02.08"]
[Round "3.12"]
[White "Doran, Niall"]
[Black "Adamus, Jeremy"]
[Result "0-1"]
[WhiteElo "1470"]
[BlackElo "1199"]
[PlyCount "104"]
[EventDate "2003.??.??"]

1. e4 e5 2. Nf3 Nc6 3. Bc4 Bc5 4. b4 Bb6 5. c3 Nf6 6. d3 d6 7. h3 h6 8. O-O Ne7
9. Re1 O-O 10. Be3 Bxe3 11. Rxe3 Re8 12. Qb3 Rf8 13. d4 exd4 14. cxd4 d5 15.
exd5 Nexd5 16. Re5 Be6 17. Nc3 c6 18. Rc1 Re8 19. Bxd5 Nxd5 20. a3 Nb6 21. Qd1
Nc4 22. a4 Nxe5 23. Nxe5 Qb6 24. d5 Rad8 25. d6 Qxb4 26. Qf3 Qxd6 27. Qf4 Qd2
28. Qxd2 Rxd2 29. Ne4 Re2 30. f3 Bxh3 31. gxh3 Rxe5 32. Kf1 Rh2 33. Nf2 Rg5 34.
Rd1 Rgg2 35. Ng4 Rh1+ 36. Kxg2 Rxd1 37. Kg3 Ra1 38. Ne5 Rxa4 39. f4 Re4 40. Kf3
Rxe5 41. fxe5 b5 42. Ke4 a5 43. Kd4 a4 44. Kc3 g5 45. Kb4 h5 46. Kc3 c5 47. Kd3
a3 48. Kc2 b4 49. Kb3 g4 50. hxg4 h4 51. g5 h3 52. Kc4 a2 0-1

[Event "Championnat de la Loire Open"]
[Site "SAINT-ETIENNE"]
[Date "2003.02.08"]
[Round "3.13"]
[White "Borron, Herve"]
[Black "Bazoux, Sebastien"]
[Result "0-1"]
[WhiteElo "1180"]
[BlackElo "1430"]
[PlyCount "70"]
[EventDate "2003.??.??"]

1. e4 c5 2. Nf3 Nc6 3. Bc4 e6 4. d3 a6 5. Be3 b5 6. Bb3 d6 7. Nc3 Nf6 8. O-O
Be7 9. Re1 O-O 10. d4 cxd4 11. Nxd4 Bb7 12. a3 Rc8 13. Nf3 Na5 14. Bd4 Nxb3 15.
cxb3 e5 16. Be3 Nxe4 17. Nxe4 Bxe4 18. b4 f6 19. Bh6 Bxf3 20. Qxf3 gxh6 21. g3
Qe8 22. Re4 f5 23. Re3 Bg5 24. Qd5+ Qf7 25. Qxf7+ Rxf7 26. Rd3 Rd7 27. Rf3 f4
28. gxf4 Bxf4 29. a4 Rc1+ 30. Rxc1 Bxc1 31. axb5 axb5 32. b3 Rc7 33. Rf6 Rc6
34. Re6 Kf7 35. Rxd6 Rxd6 0-1

[Event "Championnat de la Loire Open"]
[Site "SAINT-ETIENNE"]
[Date "2003.02.08"]
[Round "3.14"]
[White "Gerey, Bernard"]
[Black "Goudet, Maxence"]
[Result "1-0"]
[WhiteElo "1210"]
[BlackElo "1299"]
[PlyCount "119"]
[EventDate "2003.??.??"]

1. e4 e5 2. Nf3 Nc6 3. d4 Bd6 4. dxe5 Nxe5 5. Nc3 Nxf3+ 6. Qxf3 Qf6 7. Qe2 Bb4
8. Bd2 Nh6 9. Nd5 Bxd2+ 10. Qxd2 Qxb2 11. Qc1 Qe5 12. Bd3 c6 13. Ne3 d5 14. f3
dxe4 15. Bxe4 Bf5 16. Nxf5 Nxf5 17. O-O Qd4+ 18. Kh1 Ne3 19. Re1 Nc4 20. Bxh7+
Kf8 21. Qd1 Qxd1 22. Rexd1 Rxh7 23. Rd7 Re8 24. Rxb7 Rh6 25. Rxa7 Rhe6 26. g4
Ne3 27. Rc1 f5 28. g5 c5 29. h4 g6 30. Rb1 R6e7 31. Ra6 Kg7 32. Rf6 Nxc2 33.
Rc1 Re2 34. Rb1 Re1+ 35. Rxe1 Rxe1+ 36. Kh2 Ne3 37. a4 c4 38. Rc6 Re2+ 39. Kh3
Rc2 40. a5 Ra2 41. a6 f4 42. Rc7+ Kf8 43. a7 Nf1 44. Kg4 Ke8 45. Rc8+ Kd7 46.
a8=Q Rxa8 47. Rxa8 Kd6 48. Ra1 Ne3+ 49. Kxf4 Nf5 50. h5 gxh5 51. Kxf5 h4 52.
Rh1 c3 53. Rxh4 Kd5 54. Rh1 Kd4 55. Rd1+ Ke3 56. g6 c2 57. Rc1 Kd2 58. Rxc2+
Kxc2 59. g7 Kd3 60. g8=Q 1-0

[Event "Championnat de la Loire Open"]
[Site "SAINT-ETIENNE"]
[Date "2003.02.08"]
[Round "3.15"]
[White "Bournez, Gerard"]
[Black "Bourgin, Christian"]
[Result "1-0"]
[WhiteElo "1540"]
[BlackElo "1440"]
[PlyCount "113"]
[EventDate "2003.??.??"]

1. e4 c5 2. Nf3 Nc6 3. c3 e6 4. d4 d6 5. Bb5 Nge7 6. dxc5 a6 7. Ba4 d5 8. Nd4
dxe4 9. O-O g6 10. Bg5 Qd5 11. Bf6 Rg8 12. Bxc6+ Nxc6 13. b4 a5 14. Nb5 Qxd1
15. Rxd1 Be7 16. Nc7+ Kf8 17. Bxe7+ Kxe7 18. Nxa8 axb4 19. Nb6 bxc3 20. Nxc3 f5
21. Nxc8+ Rxc8 22. Nb5 Nb4 23. Nd6 Rxc5 24. Nxb7 Rc7 25. Na5 g5 26. Nb3 g4 27.
g3 e5 28. a4 f4 29. Nc1 Nc2 30. Rb1 Nd4 31. gxf4 Nf3+ 32. Kg2 Nh4+ 33. Kg3 Ng6
34. fxe5 h5 35. Rb5 Rc3+ 36. Kg2 Nh4+ 37. Kf1 Rc2 38. Ne2 Nf3 39. Ng3 Nxh2+ 40.
Kg2 Nf3 41. Nxe4 Re2 42. Nc3 Rc2 43. Nd5+ Kf7 44. Nf4 h4 45. Nd3 h3+ 46. Kg3 h2
47. Kg2 Re2 48. a5 Ra2 49. Ne1 Ra3 50. Nxf3 Rxf3 51. Kxh2 Ra3 52. Rd6 Rh3+ 53.
Kg2 Rf3 54. Rf6+ Rxf6 55. exf6 Kxf6 56. f3 gxf3+ 57. Kxf3 1-0

[Event "Championnat de la Loire Open"]
[Site "SAINT-ETIENNE"]
[Date "2003.02.08"]
[Round "3.17"]
[White "Cayuela-Mosch, Renate"]
[Black "Vinot, Sebastien"]
[Result "0-1"]
[WhiteElo "1499"]
[BlackElo "1150"]
[PlyCount "44"]
[EventDate "2003.??.??"]

1. e4 e5 2. Nf3 Nc6 3. Bd3 Nf6 4. O-O d5 5. Nc3 d4 6. Ne2 Bg4 7. Ng3 Nh5 8.
Nxh5 Bxh5 9. c3 Bc5 10. b4 Be7 11. cxd4 Nxd4 12. Nxe5 Bxd1 13. Rxd1 O-O 14. Bc4
Qe8 15. d3 Bxb4 16. Bxf7+ Rxf7 17. Nxf7 Qxf7 18. Kh1 Rf8 19. Be3 Nc2 20. Rab1
Nxe3 21. Re1 Bxe1 22. Rxe1 Qxf2 0-1

[Event "Championnat de la Loire Open"]
[Site "St-Etienne"]
[Date "2003.03.22"]
[Round "4.1"]
[White "Pupier, Terry"]
[Black "Bion, Nicolas"]
[Result "1-0"]
[WhiteElo "1780"]
[BlackElo "1470"]
[PlyCount "49"]
[EventDate "2003.??.??"]

1. d4 Nc6 2. g3 d5 3. Bg2 Nf6 4. Nf3 Bf5 5. c3 Ne4 6. Nbd2 e6 7. O-O Be7 8. e3
Nd6 9. Qe2 Qd7 10. b3 Bf6 11. Ba3 Ne7 12. c4 O-O 13. Rac1 Rfe8 14. Rfe1 Ng6 15.
h3 e5 16. g4 Be4 17. Bb2 exd4 18. Bxd4 Bxd4 19. exd4 Nf4 20. Qe3 Nd3 21. Ne5
Nxe5 22. dxe5 Rxe5 23. f3 Rae8 24. fxe4 Qe7 25. Qd3 1-0

[Event "Championnat de la Loire Open"]
[Site "St-Etienne"]
[Date "2003.03.22"]
[Round "4.2"]
[White "Pareux, Marc"]
[Black "Valet, Godeffroy"]
[Result "0-1"]
[WhiteElo "1540"]
[BlackElo "1750"]
[PlyCount "74"]

1. d4 d5 2. e4 dxe4 3. Nc3 Bf5 4. f3 exf3 5. Nxf3 e6 6. Bc4 Bb4 7. O-O Nf6 8.
Bg5 c5 9. d5 Bxc3 10. bxc3 exd5 11. Bxd5 Qxd5 12. Bxf6 Qxd1 13. Raxd1 gxf6 14.
Rfe1+ Be6 15. Rd5 b6 16. Nd2 Nc6 17. Rd6 Rd8 18. Rxc6 Rxd2 19. Rc8+ Rd8 20. Rc7
a5 21. Rc6 Kf8 22. Rxb6 Bxa2 23. Ra1 Bc4 24. Rxf6 Rd2 25. Rc6 Rxg2+ 26. Kxg2
Bd5+ 27. Kf2 Bxc6 28. Rxa5 Be4 29. Rxc5 Bxc2 30. Rc8+ Kg7 31. Rxh8 Kxh8 32. h4
Bb3 33. Kg3 Be6 34. Kf4 f6 35. h5 Kg7 36. Kg3 Kh6 37. Kh4 f5 0-1

[Event "Championnat de la Loire Open"]
[Site "St-Etienne"]
[Date "2003.03.22"]
[Round "4.3"]
[White "Breinl, Alix"]
[Black "Treveys, Maxime"]
[Result "1-0"]
[WhiteElo "1499"]
[BlackElo "1680"]
[PlyCount "139"]

1. d4 Nf6 2. c4 g6 3. Nc3 Bg7 4. e4 d6 5. Nf3 O-O 6. Be2 Nbd7 7. O-O e5 8. d5
Ne8 9. b3 f5 10. Bg5 Ndf6 11. exf5 Bxf5 12. Bd3 e4 13. Bxe4 Bxe4 14. Nxe4 h6
15. Nxf6+ Nxf6 16. Bxf6 Qxf6 17. Rb1 Rae8 18. Qd2 Qf4 19. Qxf4 Rxf4 20. Rfe1
Rfe4 21. Rxe4 Rxe4 22. Re1 Rxe1+ 23. Nxe1 Kf7 24. Nd3 Kf6 25. g4 c6 26. Nb4 c5
27. Nd3 Kg5 28. h3 Bd4 29. Kg2 Kf6 30. f4 a6 31. a4 a5 32. Kf3 g5 33. Ke4 Bc3
34. fxg5+ hxg5 35. Nc1 Be5 36. Nd3 Bc3 37. Nf2 Bd4 38. Nd3 Bc3 39. Kf3 Kg6 40.
Nf2 Be5 41. Ne4 Kh6 42. Ng3 Kg6 43. Nf5 Kf6 44. Ke4 Kg6 45. Ne7+ Kf6 46. Ng8+
Kg6 47. Ne7+ Kf6 48. Nf5 Kg6 49. Kf3 Kf6 50. h4 gxh4 51. Nxh4 Kg5 52. Nf5 Kf6
53. Nh6 Kg6 54. Ng8 Kf7 55. Nh6+ Kg6 56. Nf5 Kf6 57. Ne3 Kg6 58. Ng2 Kg5 59.
Ne3 Kf6 60. Nd1 Bd4 61. Nf2 Bxf2 62. Kxf2 Kg5 63. Kg3 b6 64. Kf3 Kf6 65. Kf4
Kg6 66. g5 Kf7 67. Kf5 Ke7 68. Kg6 Ke8 69. Kh7 Kf7 70. g6+ 1-0